Ley contra la violencia doméstica (Registro nro. 7244)

Detalles MARC
000 -Cabecera
Campo de control de longitud fija 00722aam a2200277 4500
005 - Fecha y hora de la última transacción
Campo de control 20250811192458.0
008 - Elementos de longitud fija--Información general
Campo de control de longitud fija 150618b2012 xxu||||| |||| 00| 0 spa d
020 ## - International Standard Book Number
Número Internacional Estándar del Libro (ISBN) 9789977945620
041 ## - Idioma
Código de idioma Español
082 ## - Clasificación Decimal Dewey
Número de clasificación 362.829.2 C8374l11
100 ## - Entrada principal--Autor personal
Nombre personal Costa Rica. Leyes, Decretos, etc
245 ## - Título propiamente dicho
Título Ley contra la violencia doméstica
260 ## - Pie de imprenta
Lugar de publicación, distribución, etc. Costa Rica
260 ## - Pie de imprenta
Nombre del editor, distribuidor, etc. Editec
260 ## - Pie de imprenta
Fecha de publicación, distribución, etc. 2012
300 ## - Descripción física
Extensión 34 páginas
490 ## - Serie
Título de la Serie Investigación Criminal
650 ## - Materia general
Temática (materia general) COSTA RICA
650 ## - Materia general
Temática (materia general) VIOLENCIA CONTRA LA MUJER
650 ## - Materia general
Temática (materia general) VIOLENCIA DOMÉSTICA
650 ## - Materia general
Temática (materia general) VIOLENCIA CONYUGAL
650 ## - Materia general
Temática (materia general) ABUSO DE LA ESPOSA
650 ## - Materia general
Temática (materia general) ABUSO DEL NIÑO
650 ## - Materia general
Temática (materia general) LEGISLACIÓN
942 ## - Punto de acceso adicional KOHA
Tipo de ítem KOHA Libro
Fuente del sistema de clasificación o colocación Dewey Decimal Classification
Existencias
Signatura completa Código de barras Programa Académico Tipo de ítem
362.829.2 C8374l11 19674 Investigación Criminal Libro